000 01079nam0a22002771 4500
001 rc\3026656
005 20250806201533.0
035 _a(NLR Aleph) 007167942
090 _a43414
_c43414
100 _a20110929d1941 u y0rusy50 ca
101 1 _arus
_cyid
102 _aRU
105 _aa z |||||
200 1 _aРассказы и сказки
_eПер. с евр.
_fПод ред., с лит.-критич. очерком ["Ицхок Лейбуш Перец", с. 3-18]
_gПрим. Шахно Эпштейна
_g[Ил. М. Горшмана]
210 _aМосква
_cГослитиздат
_d1941
215 _a272 с., 9 вкл. л. ил.
_cил.
_d21 см
700 1 _aПерец
_bИ.Л.
_f1851-1915
_gИцхок Лейбуш
702 1 _aЭпштейн
_bШ.
_gШахно
_4080
702 1 _aГоршман
_bМ.Е.
_gМихаил Ефимович
_4440
801 0 _aRU
_bNLR
_gpsbo
801 1 _aRU
_bELAR
_2rusmarc
852 _aNLR
_bЛ
_j40 Г-3/7
942 _cBOOK
945 _aРоссийская национальная библиотека
980 _aNB
980 _aBV